000 004640000a22001810004500
003 MACL
005 20150710162556.0
008 150710b xxu||||| |||| 00| 0 eng d
040 _aMACL
_cmacl
041 _aEnglish
082 _a320/DAI
100 _aDaimari, Dr. Prasen
_91669
245 _aFive Year Plans & Industrialisation In Assam
260 _bEBH Publishing
_c2008
_aGuwahati
350 _a825
650 _aPolitical Science
_988
942 _cBK
_k320
_2ddc
999 _c7906
_d7906